| 000 | 00540cam a2200217ua 4500 | ||
|---|---|---|---|
| 001 | 11193 | ||
| 008 | 190903n ii |||gr||||Z||||||eng | ||
| 020 | _a9789352863433 | ||
| 040 | _cMAIN | ||
| 041 | _aeng | ||
| 082 | _a330.1 | ||
| 100 |
_aKarl E Case, _eAuthor. |
||
| 245 |
_aPrinciples of economics _cBy Karl E Case and others |
||
| 250 | _a1st imp. | ||
| 260 |
_aUttar Pradesh: _bPearson, _c2018. |
||
| 300 | _a808p. | ||
| 653 | _aEconomics | ||
| 700 |
_aRay C Fair, _eAuthor. |
||
| 700 |
_aSharon M Oster, _eAuthor. |
||
| 942 | _cBK | ||
| 999 |
_c10056 _d10056 |
||